| 000 | 01359nam a2200325 a 4500 | ||
|---|---|---|---|
| 001 | ebr10735206 | ||
| 003 | CaPaEBR | ||
| 006 | m o u | ||
| 007 | cr cn||||||||| | ||
| 008 | 130805s2013 inua s 001 0 eng d | ||
| 010 | _z 2013937652 | ||
| 020 | _z9781118549360 | ||
| 020 | _z9781118549483 (e-book) | ||
| 040 |
_aCaPaEBR _cCaPaEBR |
||
| 035 | _a(OCoLC)857081184 | ||
| 050 | 1 | 4 |
_aTJ223.P76 _bB58 2013eb |
| 082 | 0 | 4 |
_a629.89 _223 |
| 100 | 1 | _aBlum, Jeremy. | |
| 245 | 1 | 0 |
_aExploring Arduino _h[electronic resource] : _btools and techniques for engineering wizardry / _cJeremy Blum. |
| 260 |
_aIndianapolis, Ind. : _bWiley, _c2013. |
||
| 300 |
_axxv, 357 p. : _bcol. ill. |
||
| 500 | _aIncludes index. | ||
| 505 | 0 | _apt. I. Arduino engineering basics -- pt. II. Controlling your environment -- pt. III. Communication interfaces -- pt. IV. Advanced topics and projects. | |
| 533 |
_aElectronic reproduction. _bPalo Alto, Calif. : _cebrary, _d2013. _nAvailable via World Wide Web. _nAccess may be limited to ebrary affiliated libraries. |
||
| 650 | 0 | _aArduino (Programmable controller) | |
| 650 | 0 |
_aEngineering _xEquipment and supplies. |
|
| 655 | 7 |
_aElectronic books. _2local |
|
| 710 | 2 | _aebrary, Inc. | |
| 856 | 4 | 0 |
_uhttp://site.ebrary.com/lib/rucke/Doc?id=10735206 _zAn electronic book accessible through the World Wide Web; click to view |
| 999 |
_c36942 _d36942 |
||